विवेक आधुनिक महाराष्ट्राची जडणघडण शिल्पकार चरित्रकोश (Record no. 370686)
[ view plain ]
| 000 -LEADER | |
|---|---|
| fixed length control field | 00707nam a2200169 4500 |
| 005 - DATE AND TIME OF LATEST TRANSACTION | |
| control field | 20260311112543.0 |
| 008 - FIXED-LENGTH DATA ELEMENTS--GENERAL INFORMATION | |
| fixed length control field | 260311b |||||||| |||| 00| 0 eng d |
| 041 ## - LANGUAGE CODE | |
| Language code of text/sound track or separate title | Marathi |
| 082 ## - DEWEY DECIMAL CLASSIFICATION NUMBER | |
| Classification number | X 891 KAR B12321 |
| 100 ## - MAIN ENTRY--PERSONAL NAME | |
| Author | करंबेळकर, दिलीप |
| 245 ## - TITLE STATEMENT | |
| Title | विवेक आधुनिक महाराष्ट्राची जडणघडण शिल्पकार चरित्रकोश |
| Remainder of title | : ही गाथा कर्तृत्वाची! प्रगल्भ नेतृत्वाची! |
| 250 ## - EDITION STATEMENT | |
| Edition statement | 1st 2026 |
| 260 ## - PUBLICATION, DISTRIBUTION, ETC. | |
| Place of publication, distribution, etc. | Mumbai |
| Name of publisher, distributor, etc. | Saptahik Vivek Hindustan Prakashan Samstha |
| 300 ## - PHYSICAL DESCRIPTION | |
| Extent | 800p |
| Other physical details | Pb |
| 365 ## - TRADE PRICE | |
| Price type code | Rupaye |
| Price amount | 1200 |
| Currency code | INR |
| 942 ## - ADDED ENTRY ELEMENTS (KOHA) | |
| Koha item type | Books |
| Withdrawn status | Lost status | Source of classification or shelving scheme | Damaged status | Not for loan | Home library | Current library | Date acquired | Vendor | Net Price | Total Checkouts | Full call number | Barcode | Date last seen | Actual Price | Bill Date | Koha item type | Original Barcode |
|---|---|---|---|---|---|---|---|---|---|---|---|---|---|---|---|---|---|
| Dewey Decimal Classification | Smt. Bakul Tambat Institute of Nursing Education | Smt. Bakul Tambat Institute of Nursing Education | 17/02/2026 | Hindusthan Prakashan Samstha | 1200.00 | X 891 KAR B12321 | BTIN-BK-12321 | 11/03/2026 | 1200.00 | 11/03/2026 | Books | BTIN-BK-12321 |